[Event "Bratto op-C 35th"]
[Site "Bratto"]
[Date "2015.08.28"]
[Round "6.10"]
[White "Cattoni, Luca"]
[Black "Colica, Daniele"]
[Result "1-0"]
[WhiteElo "1624"]
[BlackElo "1663"]
[PlyCount "111"]
[EventDate "2015.08.23"]
[EventType "swiss"]
[EventRounds "8"]
[EventCountry "ITA"]
[SourceTitle "EXT 2022"]
[Source "ChessBase"]
[SourceDate "2021.10.06"]
[SourceVersion "1"]
[SourceVersionDate "2021.10.06"]
[SourceQuality "1"]

1. d4 Nf6 2. c4 e6 3. Nc3 Bb4 4. Nf3 c5 5. a3 Bxc3+ 6. bxc3 h6 7. h3 0-0 8. Qc2 d5 9. e3 b6 10. cxd5 exd5 11. Be2 Nbd7 12. 0-0 Ne4 13. c4 Bb7 14. cxd5 Bxd5 15. Rd1 Rc8 16. Qd3 c4 17. Qb1 Nc3 18. Qc2 Nxd1 19. Bxd1 Qe7 20. Bd2 Qe4 21. Qa4 Rc7 22. Bc3 Qd3 23. Rc1 Kh8 24. Ne1 Qg6 25. Qb5 Qc6 26. Qb1 Nf6 27. Qf5 Be4 28. Qf4 Bh7 29. Bf3 Be4 30. Bd1 Re7 31. Bb4 Nd5 32. Qd6 Rc8 33. Qxc6 Rxc6 34. Bxe7 Nxe7 35. f3 Bg6 36. e4 b5 37. Nc2 a5 38. d5 Rd6 39. Nd4 Rb6 40. Rc3 Kg8 41. Kf2 Kf8 42. Ke3 Ke8 43. g4 Kd7 44. f4 f6 45. Bf3 Bf7 46. h4 Kd6 47. h5 Kc5 48. Nb3+ Kd6 49. Nxa5 Be8 50. Kd4 Kd7 51. Kc5 Kc7 52. e5 fxe5 53. fxe5 Nc8 54. d6+ Kb8 55. Nc6+ Kb7 56. Ne7+ 1-0

[Event "Bratto op-C 35th"]
[Site "Bratto"]
[Date "2015.08.27"]
[Round "5.11"]
[White "Hunt, Caro"]
[Black "Cattoni, Luca"]
[Result "1/2-1/2"]
[WhiteElo "1663"]
[BlackElo "1624"]
[PlyCount "69"]
[EventDate "2015.08.23"]
[EventType "swiss"]
[EventRounds "8"]
[EventCountry "ITA"]
[SourceTitle "EXT 2022"]
[Source "ChessBase"]
[SourceDate "2021.10.06"]
[SourceVersion "1"]
[SourceVersionDate "2021.10.06"]
[SourceQuality "1"]

1. e4 e6 2. d4 d5 3. e5 c5 4. c3 Nc6 5. Nf3 Qb6 6. Bd3 Bd7 7. 0-0 cxd4 8. cxd4 Nxd4 9. Nxd4 Qxd4 10. Nc3 Qb6 11. a4 Ne7 12. a5 Qd8 13. Bg5 Qc7 14. Qe2 a6 15. Rfc1 Nc6 16. Bf4 Bb4 17. Qg4 0-0-0 18. Ne2 Rdg8 19. Bg3 Be7 20. Qa4 Kb8 21. Nd4 Ka8 22. f4 Qd8 23. Bf2 Nxe5 24. Bb5 Bxb5 25. Nxb5 Nc6 26. Nd4 Nxd4 27. Qxd4 Qb8 28. Rc7 Bd6 29. Rxf7 Rf8 30. Rxf8 Rxf8 31. g3 Rc8 32. Re1 Bc5 33. Qxg7 Bxf2+ 34. Kxf2 Rc2+ 35. Re2 1/2-1/2